Financial Markets And Institutions (Record no. 42771)

MARC details
000 -LEADER
fixed length control field 00305nam a2200121Ia 4500
008 - FIXED-LENGTH DATA ELEMENTS--GENERAL INFORMATION
fixed length control field 241028s9999 xx 000 0 und d
041 ## - LANGUAGE CODE
Language code of text/sound track or separate title eng
082 ## - DEWEY DECIMAL CLASSIFICATION NUMBER
Classification number 332 MIS
100 ## - MAIN ENTRY--PERSONAL NAME
Personal name Frederic Mishkin
245 ## - TITLE STATEMENT
Title Financial Markets And Institutions
260 ## - PUBLICATION, DISTRIBUTION, ETC.
Name of publisher, distributor, etc. Pearson
Place of publication, distribution, etc. London
Date of publication, distribution, etc. 2024
300 ## - PHYSICAL DESCRIPTION
Extent 637;. P. 25 cm
Holdings
Withdrawn status Lost status Damaged status Not for loan Home library Current library Shelving location Date acquired Cost, normal purchase price Full call number Barcode Date last seen Cost, replacement price Price effective from Koha item type
        IMTN IMTN Rack 9-A 07/03/2024 7161.90 332 MIS 33200 10/28/2024 64.99 10/28/2024 Books
Designed & Maintained by: LRC IMT Nagpur Contact: lrc@imtnag.ac.in© 2024. All Rights Reserved.